| 000 | 00898nam a2200253 i 4500 | ||
|---|---|---|---|
| 003 | OSt | ||
| 005 | 20250202112217.0 | ||
| 008 | 250122s2024 my ab gr 001 0 may | ||
| 020 |
_a9786294890107 _qhardback _cRM 130.00 |
||
| 040 |
_aPPAK _beng _cPPAK _erda |
||
| 082 | 0 | 4 |
_a959.5121 _223 |
| 090 | 0 | 0 |
_a959.5121 _bLIM _dR |
| 100 | 1 |
_aLim, Swee Tin, _cProf. Madya, Dr., _d1952- _eauthor. |
|
| 245 | 1 | 0 |
_aKelantan di Kanvas LiMar : _bMenyingkap Seibu Keindahan / _cLIM SWEE TIN,Ph.D. |
| 264 | 1 |
_aKota Bharu, Kelantan : _bPenerbit UMK, _c2024 |
|
| 300 |
_ax, 95 pages : _bcolour illustrations, colour maps ; _c29 cm |
||
| 336 |
_atext _2rdacontent |
||
| 336 |
_astill image _2rdacontent |
||
| 337 |
_aunmediated _2rdamedia |
||
| 338 |
_avolume _2rdacarrier |
||
| 651 | 0 |
_aKelantan _zMalaysia _xHistory |
|
| 651 | 0 |
_aKelantan _zMalaysia _xSocial life and customs |
|
| 942 |
_2ddc _cB |
||
| 999 |
_c198615 _d198615 |
||